000 00694nam a22002297a 4500
003 UA-OsUOA
001 39586
007 ta
008 20060622b un ||||| |||| 00| 0 ukr d
100 _aВалицкая А.П.
090 _a111.852(470+571)
_bВ15
942 _cBK
040 _aUA-OsUOA
_brus
_cUA-OsUOA
_dUA-OsUOA
245 _aРусская эстетика ХУІІІ века: историко-проблемный очеркпросветительской мысли
300 _a238 с.
955 _a1
041 _arus
080 _a111.852(470+571)
260 _aМ.
_bИскусство
_c1983
650 7 _a1 Філософські науки
_2UDC
999 _c325727
_d325727